Psychobiologie : Biologické základy vývoje chování. Z amer.orig.

Uložené v:
Podrobná bibliografia
Hlavní autori: Michel, George F. (Autor), Mooreová, Celia L. (Autor)
Médium: Kniha
Jazyk:Czech
Vydavateľské údaje: Praha : Portál, 1999
Tagy: Pridať tag
Žiadne tagy, Buďte prvý, kto otaguje tento záznam!

MARC

LEADER 00000nam a22000003a 4500
001 stu57383
005 20150617225652.3
008 010319s1999----xr------------------cze-d
020 |a 80-7178-116-9 
040 |a STU  |b slo 
041 0 |a cze 
044 |a xr 
080 |a 159.9 
100 1 |a Michel, George F.  |4 aut 
245 1 |a Psychobiologie :  |b Biologické základy vývoje chování. Z amer.orig. 
260 |a Praha :  |b Portál,  |c 1999 
300 |a 478 s.Obr.,tab.,lit.,index 
700 1 |a Mooreová, Celia L.  |4 aut 
996 |b C96545  |c C*96545  |l CCXX  |s P  |a 0  |w stu57383_0001